Női sorsok az irodalomban
Elmentve itt :
| Szerző: | |
|---|---|
| Dokumentumtípus: | Cikk |
| Megjelent: |
2003
|
| Sorozat: | Iskolakultúra
13 No. 11 |
| Online Access: | http://misc.bibl.u-szeged.hu/39673 |
| LEADER | 00549nab a2200169 i 4500 | ||
|---|---|---|---|
| 001 | misc39673 | ||
| 005 | 20191106140809.0 | ||
| 008 | 180709s2003 hu o 0|| zxx d | ||
| 022 | |a 1215-5233 | ||
| 040 | |a SZTE Miscellanea Repozitórium |b hun | ||
| 041 | |a zxx | ||
| 100 | 1 | |a Bíró Ágota | |
| 245 | 1 | 0 | |a Női sorsok az irodalomban |h [elektronikus dokumentum] / |c Bíró Ágota |
| 260 | |c 2003 | ||
| 300 | |a 45-60 | ||
| 490 | 0 | |a Iskolakultúra |v 13 No. 11 | |
| 856 | 4 | 0 | |u http://misc.bibl.u-szeged.hu/39673/1/EPA00011_iskolakultura_2003_11_045-060.pdf |z Dokumentum-elérés |